00478nam a2200169Ia 4500999001700000003000400017005001700021008004100038040000900079082002000088100003600108245006400144260003500208300000900243650001000252942004600262 c13723d13723OSt20201027125114.0190216s9999||||xx |||||||||||||| ||und|| coclc a891.4436bBAN/P aBanerji , Bibhutibhushan 95765 0aPather Panchali Song Of The Road /cBibhutibhushan Banerji bRupa & Co ,c1990.aNew Delhi: a326p aNovel cBK2ddch891.4436iBAN/Pk891.4436mBAN/P